Better births : (Record no. 2656)
[ view plain ]
| 000 -LEADER | |
|---|---|
| fixed length control field | 02287cam a22002058i 4500 |
| 008 - FIXED-LENGTH DATA ELEMENTS--GENERAL INFORMATION | |
| fixed length control field | 201117s2021 nju b 001 0 eng |
| 020 ## - INTERNATIONAL STANDARD BOOK NUMBER | |
| ISBN | 9781119628743 |
| 245 00 - TITLE STATEMENT | |
| Title | Better births : |
| Remainder of title | the midwife 'with woman' / |
| Statement of responsibility, etc | edited by Anna Brown. |
| 250 ## - EDITION STATEMENT | |
| Edition statement | 4th |
| 260 ## - PUBLICATION, DISTRIBUTION, ETC. (IMPRINT) | |
| Place of publication | U.S.A |
| Name of publisher | John Wiley and Sons |
| Date of publication | 2021 |
| 300 ## - COLLATION | |
| Pagination | pages cm |
| 520 ## - SUMMARY, ETC. | |
| Summary, etc | "I have been a midwife for 35 years. Throughout this time, I have witnessed the impact and implications of childbirth. However, more recent events have encouraged me to examine childbirth experiences which have involved close family members. Heartfelt comments have ranged from desperate pleas such as 'nobody tells you the reality of becoming a mother ... I feel overwhelmed' to 'I feel abandoned'. Such observations have urged me to explore the concept of what it means to women and midwives to be 'with woman'. In addition, new standards for the profession were published in November 2019, one of which requires midwives to be able to provide and promote continuity of care and carer. This is not a new phenomenon but seen through the concept of being 'with woman' would provide a safer and more effective delivery of maternity care. 'With woman' is an old term in the English language from which the word 'midwife' is derived. The meaning and concept of being 'with woman' may be interpreted as providing care and support in a physical, psychological, emotional and spiritual sense. Hunter (2002, p. 650), explored this concept to focus on the 'presence and support by a caregiver as desired by the labouring woman'. Early on, nurse-midwife core competencies in America emphasised the importance of human presence with the childbearing woman as a therapeutic and professional philosophy (ACNM 1979). More recently, Bradfield et al.'s (2018a) integrative review of the literature explored the 'with woman' phenomena to present an understanding and perspective of this concept. The authors suggest that being 'with woman' is an evolutionary construct, which is dynamic and continues to develop, and is fundamental to midwifery practices and professional philosophy"-- |
| 650 12 - TRACINGS | |
| Main Subject | Nurse Midwives |
| 650 22 - TRACINGS | |
| Main Subject | Midwifery |
| 650 22 - TRACINGS | |
| Main Subject | Nurse-Patient Relations |
| 700 1# - ADDITIONAL AUTHOR | |
| Additional Author | Brown, Anna |
| 942 ## - ADDED ENTRY ELEMENTS (KOHA) | |
| Item type | Books |
| 050 00 - LIBRARY OF CONGRESS CALL NUMBER | |
| Classification number | RG525 |
| 082 00 - DEWEY DECIMAL CLASSIFICATION NUMBER | |
| Classification number | 618.2 |
| Source of classification or shelving scheme | Not for loan | Permanent location | Current location | Date acquired | Accession No. | Full call number | Barcode. | Koha item type |
|---|---|---|---|---|---|---|---|---|
| Library of Congress Classification | Medical Library | Medical Library | 03/25/2025 | 2024/64034 | RG525.B76 | 2025-0948 | Books |